[Event "2016 Redpath Mining Millionaire Chess Open"]
[Site "Venue: Old Ed’s Sports Complex, Houghton, Johannesburg"]
[Date "2016.07.13"]
[Round "1"]
[Board "1"]
[White "Makoto, Rodwell"]
[Black "Basson, Petrus"]
[Result "1-0"]
[WhiteElo "2406"]
[BlackElo "1679"]
[PlyCount "0"]
[EventDate "2016.07.13"]
[EventRounds "9"]
[EventCountry "RSA"]

1. e4 c5 2. Nf3 {[%clk 1:29:14]} d6 {[%clk 1:29:54]} 3. d4 {[%clk 1:29:18]} cxd4
{[%clk 1:30:15]} 4. Nxd4 {[%clk 1:29:44]} Nf6 {[%clk 1:30:32]} 5. Nc3
{[%clk 1:30:08]} a6 {[%clk 1:30:45]} 6. Be2 {[%clk 1:29:20]} e6 {[%clk 1:29:43]}
7. O-O {[%clk 1:29:34]} Be7 {[%clk 1:29:38]} 8. a4 {[%clk 1:29:53]} Nc6
{[%clk 1:29:29]} 9. Be3 {[%clk 1:30:08]} Qc7 {[%clk 1:29:15]} 10. f4
{[%clk 1:30:20]} O-O {[%clk 1:22:14]} 11. Nb3 {[%clk 1:30:08]} b6
{[%clk 1:20:31]} 12. Qe1 {[%clk 1:29:14]} Bb7 {[%clk 1:20:14]} 13. Qf2
{[%clk 1:28:07]} Nd7 {[%clk 1:19:52]} 14. f5 {[%clk 1:27:08]} Nc5
{[%clk 1:19:06]} 15. Qg3 {[%clk 1:26:18]} Kh8 {[%clk 1:16:17]} 16. Nxc5
{[%clk 1:26:03]} bxc5 {[%clk 1:15:46]} 17. Bxc5 {[%clk 1:25:26]} Rac8
{[%clk 1:14:11]} 18. Be3 {[%clk 1:25:06]} Nb4 {[%clk 1:10:32]} 19. Bd3
{[%clk 1:23:48]} Qc6 {[%clk 1:05:22]} 20. Qh3 {[%clk 1:22:14]} Bf6
{[%clk 0:56:00]} 21. fxe6 {[%clk 1:21:14]} fxe6 {[%clk 0:55:02]} 22. e5
{[%clk 1:21:05]} Nxd3 {[%clk 0:52:58]} 23. exf6 {[%clk 1:21:31]} Qxg2+
{[%clk 0:48:19]} 24. Qxg2 {[%clk 1:21:53]} Bxg2 {[%clk 0:48:44]} 25. fxg7+
{[%clk 1:22:17]} Kxg7 {[%clk 0:49:09]} 26. Rxf8 {[%clk 1:22:36]} Kxf8
{[%clk 0:49:12]} 27. cxd3 {[%clk 1:22:40]} Bh3 {[%clk 0:48:25]} 28. Kf2
{[%clk 1:22:26]} Kf7 {[%clk 0:47:49]} 29. Ne4 {[%clk 1:22:25]} Ke7
{[%clk 0:47:03]} 30. Rc1 {[%clk 1:21:47]} Rg8 {[%clk 0:46:25]} 31. Rc7+
{[%clk 1:22:07]} Kd8 {[%clk 0:46:26]} 32. Rxh7 {[%clk 1:22:26]} Bf5
{[%clk 0:46:39]} 33. Bb6+ {[%clk 1:22:43]} 1-0

[Event "2016 Redpath Mining Millionaire Chess Open"]
[Site "Venue: Old Ed’s Sports Complex, Houghton, Johannesburg"]
[Date "2016.07.13"]
[Round "1"]
[Board "2"]
[White "Baxter, David Jarred"]
[Black "Jere, Daniel"]
[Result "0-1"]
[WhiteElo "1662"]
[BlackElo "2368"]
[PlyCount "0"]
[EventDate "2016.07.13"]
[EventRounds "9"]
[EventCountry "RSA"]

1. e4 {[%clk 1:30:41]} e6 {[%clk 1:30:40]} 2. d4 {[%clk 1:30:33]} d5
{[%clk 1:31:05]} 3. Nc3 {[%clk 1:30:48]} Nf6 {[%clk 1:31:24]} 4. e5
{[%clk 1:31:00]} Nfd7 {[%clk 1:31:48]} 5. f4 {[%clk 1:31:11]} c5 {[%clk 1:32:10]}
6. Nf3 {[%clk 1:31:38]} Nc6 {[%clk 1:32:35]} 7. Be3 {[%clk 1:31:43]} a6
{[%clk 1:32:23]} 8. Bd3 {[%clk 1:21:41]} Qb6 {[%clk 1:27:37]} 9. Na4
{[%clk 1:20:19]} Qa5+ {[%clk 1:26:27]} 10. c3 {[%clk 1:20:06]} cxd4
{[%clk 1:24:30]} 11. b4 {[%clk 1:20:17]} Bxb4 {[%clk 1:15:13]} 12. cxb4
{[%clk 1:20:33]} Nxb4 {[%clk 1:15:38]} 13. Bd2 {[%clk 1:09:57]} Nxd3+
{[%clk 1:15:54]} 14. Kf1 {[%clk 1:09:22]} Qb5 {[%clk 1:16:08]} 15. Nxd4
{[%clk 1:04:53]} Qc4 {[%clk 1:16:17]} 16. Ne2 {[%clk 1:04:25]} O-O
{[%clk 1:11:54]} 17. Be3 {[%clk 0:57:35]} b5 {[%clk 1:11:01]} 18. Nac3
{[%clk 0:56:46]} f6 {[%clk 1:11:06]} 19. exf6 {[%clk 0:54:22]} Nxf6
{[%clk 1:11:14]} 20. Kg1 {[%clk 0:52:53]} Ng4 0-1

[Event "2016 Redpath Mining Millionaire Chess Open"]
[Site "Venue: Old Ed’s Sports Complex, Houghton, Johannesburg"]
[Date "2016.07.13"]
[Round "1"]
[Board "3"]
[White "Oatlhotse, Providence"]
[Black "Correia, Adelino"]
[Result "1-0"]
[WhiteElo "2250"]
[BlackElo "1649"]
[PlyCount "0"]
[EventDate "2016.07.13"]
[EventRounds "9"]
[EventCountry "RSA"]

1. e4 d5 2. exd5 {[%clk 1:06:48]} Qxd5 {[%clk 1:30:42]} 3. Nc3 {[%clk 1:07:16]}
Qa5 {[%clk 1:30:19]} 4. d4 {[%clk 1:07:40]} Nf6 {[%clk 1:28:41]} 5. Bc4
{[%clk 1:07:23]} Bg4 {[%clk 1:28:17]} 6. f3 {[%clk 1:07:23]} Bh5 {[%clk 1:27:49]}
7. Nge2 {[%clk 1:07:31]} e6 {[%clk 1:27:48]} 8. Bd2 {[%clk 1:06:17]} Bb4
{[%clk 1:28:00]} 9. a3 {[%clk 1:05:27]} Bxc3 {[%clk 1:27:46]} 10. Nxc3
{[%clk 1:05:34]} Qb6 {[%clk 1:27:20]} 11. Qe2 {[%clk 1:05:09]} Nc6
{[%clk 1:27:14]} 12. Bb5 {[%clk 0:57:57]} Qxd4 {[%clk 1:25:15]} 13. O-O-O
{[%clk 0:57:49]} Qc5 {[%clk 1:24:30]} 14. g4 {[%clk 0:57:09]} Bg6
{[%clk 1:24:58]} 15. Be3 {[%clk 0:57:07]} Qe7 {[%clk 1:22:01]} 16. h4
{[%clk 0:56:59]} h5 {[%clk 1:20:46]} 17. g5 {[%clk 0:55:28]} Nd7 {[%clk 1:20:18]}
18. Bf4 {[%clk 0:54:19]} e5 {[%clk 1:18:55]} 19. Nd5 {[%clk 0:54:01]} Qd8
{[%clk 1:17:04]} 20. Bxe5 {[%clk 0:53:58]} O-O {[%clk 1:16:06]} 21. Bxc6
{[%clk 0:50:08]} bxc6 {[%clk 1:13:53]} 22. Bf6 {[%clk 0:43:58]} Re8
{[%clk 1:02:08]} 23. Bxd8 {[%clk 0:43:21]} Rxe2 {[%clk 1:02:34]} 24. Ne7+
{[%clk 0:43:44]} Rxe7 {[%clk 0:57:11]} 25. Bxe7 {[%clk 0:44:11]} Bf5
{[%clk 0:55:38]} 26. Rhe1 {[%clk 0:44:22]} Kh7 {[%clk 0:53:23]} 27. b3
{[%clk 0:44:34]} a5 {[%clk 0:52:05]} 28. a4 {[%clk 0:44:47]} c5 {[%clk 0:51:59]}
29. Rd5 {[%clk 0:43:29]} g6 {[%clk 0:51:09]} 30. Red1 {[%clk 0:43:03]} Nb6
{[%clk 0:42:55]} 31. Rd8 {[%clk 0:42:00]} Rxd8 {[%clk 0:41:47]} 32. Rxd8
{[%clk 0:42:24]} Nd7 {[%clk 0:41:22]} 33. Ra8 {[%clk 0:42:32]} Kg7
{[%clk 0:40:13]} 34. Rxa5 {[%clk 0:42:51]} f6 {[%clk 0:40:18]} 35. gxf6+
{[%clk 0:43:06]} Kf7 {[%clk 0:38:56]} 36. Ra7 {[%clk 0:43:16]} g5
{[%clk 0:37:52]} 37. hxg5 {[%clk 0:43:37]} h4 {[%clk 0:36:19]} 38. Rxc7
{[%clk 0:43:47]} h3 {[%clk 0:30:41]} 39. Bd6 {[%clk 0:43:41]} Bg6
{[%clk 0:27:35]} 40. Rxd7+ {[%clk 0:43:50]} Ke6 {[%clk 0:28:04]} 41. Rd8
{[%clk 0:43:59]} Kd5 1-0

[Event "2016 Redpath Mining Millionaire Chess Open"]
[Site "Venue: Old Ed’s Sports Complex, Houghton, Johannesburg"]
[Date "2016.07.13"]
[Round "1"]
[Board "4"]
[White "Oberholzer, Marni"]
[Black "Van Rensburg, Ryan Pierre"]
[Result "0-1"]
[WhiteElo "1643"]
[BlackElo "2220"]
[PlyCount "0"]
[EventDate "2016.07.13"]
[EventRounds "9"]
[EventCountry "RSA"]

1. d4 {[%clk 1:30:56]} d5 {[%clk 1:30:56]} 2. c4 {[%clk 1:31:07]} e5
{[%clk 1:31:05]} 3. e3 {[%clk 1:26:37]} exd4 {[%clk 1:27:43]} 4. Qxd4
{[%clk 1:24:22]} Nf6 {[%clk 1:25:35]} 5. Nc3 {[%clk 1:20:05]} Nc6
{[%clk 1:24:59]} 6. Qd1 {[%clk 1:18:29]} Be6 {[%clk 1:17:52]} 7. cxd5
{[%clk 1:12:54]} Nxd5 {[%clk 1:17:51]} 8. Nxd5 {[%clk 1:07:33]} Bxd5
{[%clk 1:17:24]} 9. a3 {[%clk 1:06:23]} Be7 {[%clk 1:16:56]} 10. Nf3
{[%clk 1:03:30]} Bf6 {[%clk 1:16:54]} 11. Be2 {[%clk 1:02:32]} O-O
{[%clk 1:16:42]} 12. O-O {[%clk 0:59:59]} Na5 {[%clk 1:16:37]} 13. Nd2
{[%clk 0:56:29]} Qe7 {[%clk 1:16:05]} 14. Bf3 {[%clk 0:52:45]} Rfd8
{[%clk 1:15:24]} 15. Qc2 {[%clk 0:46:45]} g6 {[%clk 1:11:41]} 16. Re1
{[%clk 0:44:25]} Be5 {[%clk 1:11:13]} 17. Bxd5 {[%clk 0:38:46]} Rxd5
{[%clk 1:11:35]} 18. Nf3 {[%clk 0:39:03]} Bg7 {[%clk 1:11:31]} 19. Bd2
{[%clk 0:37:28]} Rad8 {[%clk 1:08:37]} 20. Rac1 {[%clk 0:35:33]} Nc6
{[%clk 1:06:30]} 21. Bc3 {[%clk 0:30:27]} Bxc3 {[%clk 1:02:08]} 22. Qxc3
{[%clk 0:30:34]} Rd3 {[%clk 1:02:22]} 23. Qc4 {[%clk 0:26:52]} Qf6
{[%clk 1:01:19]} 24. Qb5 {[%clk 0:22:37]} R3d6 {[%clk 0:56:13]} 25. b4
{[%clk 0:17:19]} Qb2 {[%clk 0:51:32]} 26. Qxb7 {[%clk 0:09:32]} Qxc1 0-1

[Event "2016 Redpath Mining Millionaire Chess Open"]
[Site "Venue: Old Ed’s Sports Complex, Houghton, Johannesburg"]
[Date "2016.07.13"]
[Round "1"]
[Board "5"]
[White "Simutowe, Musatwe"]
[Black "Goldberg, Shmuel"]
[Result "1-0"]
[WhiteElo "2163"]
[BlackElo "1597"]
[PlyCount "0"]
[EventDate "2016.07.13"]
[EventRounds "9"]
[EventCountry "RSA"]

1. e4 {[%clk 1:30:54]} c5 {[%clk 1:30:55]} 2. Nf3 {[%clk 1:31:16]} d6
{[%clk 1:31:20]} 3. Bb5+ {[%clk 1:31:23]} Nd7 {[%clk 1:31:38]} 4. O-O
{[%clk 1:31:41]} Ngf6 {[%clk 1:32:04]} 5. Re1 {[%clk 1:31:59]} e6
{[%clk 1:32:09]} 6. c3 {[%clk 1:30:59]} Be7 {[%clk 1:31:55]} 7. d4
{[%clk 1:31:20]} O-O {[%clk 1:30:58]} 8. Nbd2 {[%clk 1:31:39]} Qc7
{[%clk 1:29:53]} 9. Nf1 {[%clk 1:30:53]} a6 {[%clk 1:28:44]} 10. Bd3
{[%clk 1:31:18]} e5 {[%clk 1:23:02]} 11. d5 {[%clk 1:30:01]} b5 {[%clk 1:14:51]}
12. Ng3 {[%clk 1:29:07]} c4 {[%clk 1:04:10]} 13. Bc2 {[%clk 1:29:03]} Re8
{[%clk 1:02:00]} 14. Nf5 {[%clk 1:22:44]} Bf8 {[%clk 1:01:55]} 15. Bg5
{[%clk 1:23:05]} h6 {[%clk 0:58:57]} 16. Bd2 {[%clk 1:23:08]} Nc5
{[%clk 0:57:47]} 17. Ng3 {[%clk 1:22:54]} a5 {[%clk 0:51:41]} 18. h3
{[%clk 1:21:26]} Bd7 {[%clk 0:48:50]} 19. Nh4 {[%clk 1:21:36]} Reb8
{[%clk 0:41:11]} 20. Qf3 {[%clk 1:18:12]} Qd8 {[%clk 0:41:32]} 21. Nhf5
{[%clk 1:17:57]} b4 {[%clk 0:41:01]} 22. Nf1 {[%clk 1:09:20]} b3 {[%clk 0:25:07]}
23. axb3 {[%clk 1:09:23]} Nxb3 {[%clk 0:24:09]} 24. Bxb3 {[%clk 1:09:44]} Rxb3
{[%clk 0:24:23]} 25. Bc1 {[%clk 1:09:53]} Rb7 {[%clk 0:23:00]} 26. Nd2
{[%clk 1:09:35]} Bb5 {[%clk 0:22:45]} 27. Nb1 {[%clk 1:09:36]} Nd7
{[%clk 0:21:31]} 28. Be3 {[%clk 1:09:21]} Ba6 {[%clk 0:21:25]} 29. Re2
{[%clk 1:09:35]} Rab8 {[%clk 0:21:21]} 30. Ra2 {[%clk 1:10:04]} Qc7
{[%clk 0:17:38]} 31. Rc2 {[%clk 1:09:59]} Nc5 {[%clk 0:17:51]} 32. Bxc5
{[%clk 1:10:27]} Qxc5 {[%clk 0:18:09]} 33. Nd2 {[%clk 1:10:36]} g6
{[%clk 0:16:41]} 34. Ne3 {[%clk 1:10:48]} Be7 {[%clk 0:16:50]} 35. Nd1
{[%clk 1:10:55]} Rf8 {[%clk 0:15:03]} 36. Qe3 {[%clk 1:11:15]} Qc7
{[%clk 0:12:03]} 37. Qxh6 {[%clk 1:10:51]} Bf6 {[%clk 0:12:21]} 38. Ne3
{[%clk 1:10:06]} Qe7 {[%clk 0:12:16]} 39. Nf3 {[%clk 1:10:18]} Qd8
{[%clk 0:11:06]} 40. Ng4 {[%clk 1:07:49]} Bg7 {[%clk 0:09:41]} 41. Qg5
{[%clk 1:07:10]} Qb6 {[%clk 0:09:55]} 42. Rd2 {[%clk 1:03:00]} f5
{[%clk 0:09:09]} 43. exf5 {[%clk 1:02:51]} gxf5 {[%clk 0:09:02]} 44. Nh6+
{[%clk 1:03:04]} Kh8 {[%clk 0:08:17]} 45. Nxf5 {[%clk 1:03:18]} Bf6
{[%clk 0:06:48]} 46. Qh6+ {[%clk 1:03:17]} Kg8 {[%clk 0:07:13]} 47. Ng5
{[%clk 0:52:13]} Bxg5 {[%clk 0:03:24]} 48. Qxg5+ {[%clk 0:52:36]} Kh8
{[%clk 0:03:52]} 49. Qh6+ {[%clk 0:52:46]} Kg8 {[%clk 0:04:21]} 50. Qe6+
{[%clk 0:52:19]} Kh8 {[%clk 0:03:32]} 51. Nxd6 1-0

[Event "2016 Redpath Mining Millionaire Chess Open"]
[Site "Venue: Old Ed’s Sports Complex, Houghton, Johannesburg"]
[Date "2016.07.13"]
[Round "1"]
[Board "6"]
[White "Moremi, Thato"]
[Black "Hercules, Benjamin Vincent"]
[Result "0-1"]
[WhiteElo "1576"]
[BlackElo "2127"]
[PlyCount "0"]
[EventDate "2016.07.13"]
[EventRounds "9"]
[EventCountry "RSA"]

1. d4 {[%clk 1:30:56]} d5 {[%clk 1:30:46]} 2. Bf4 {[%clk 1:31:12]} Nf6
{[%clk 1:30:36]} 3. e3 {[%clk 1:30:56]} g6 {[%clk 1:30:05]} 4. Nf3
{[%clk 1:28:29]} Bg7 {[%clk 1:30:24]} 5. Bd3 {[%clk 1:28:18]} O-O
{[%clk 1:30:06]} 6. Nbd2 {[%clk 1:28:39]} c5 {[%clk 1:28:48]} 7. c3
{[%clk 1:27:40]} b6 {[%clk 1:27:15]} 8. h3 {[%clk 1:25:56]} Ba6 {[%clk 1:23:27]}
9. Bxa6 {[%clk 1:22:31]} Nxa6 {[%clk 1:23:55]} 10. O-O {[%clk 1:21:53]} Nc7
{[%clk 1:18:52]} 11. Re1 {[%clk 1:16:28]} Nd7 {[%clk 1:15:35]} 12. Qb3
{[%clk 1:12:22]} c4 {[%clk 1:09:23]} 13. Qc2 {[%clk 1:12:09]} f5 {[%clk 1:04:36]}
14. Qa4 {[%clk 1:09:50]} Rf6 {[%clk 0:55:25]} 15. Ne5 {[%clk 0:59:08]} b5
{[%clk 0:53:16]} 16. Qc2 {[%clk 0:57:02]} Nf8 {[%clk 0:47:49]} 17. Bg3
{[%clk 0:50:51]} Rb6 {[%clk 0:46:04]} 18. a4 {[%clk 0:42:30]} a6 {[%clk 0:44:10]}
19. Ndf3 {[%clk 0:41:45]} Ne8 {[%clk 0:43:35]} 20. a5 {[%clk 0:39:41]} Rb7
{[%clk 0:43:23]} 21. b4 {[%clk 0:38:51]} cxb3 {[%clk 0:42:18]} 22. Qxb3
{[%clk 0:38:38]} Rc8 {[%clk 0:38:45]} 23. Rec1 {[%clk 0:38:48]} Ra7
{[%clk 0:36:21]} 24. Nd3 {[%clk 0:37:07]} e6 {[%clk 0:36:17]} 25. Nc5
{[%clk 0:36:08]} Nd6 {[%clk 0:33:05]} 26. Nd2 {[%clk 0:32:56]} Nb7
{[%clk 0:31:25]} 27. Nxb7 {[%clk 0:31:47]} Rxb7 {[%clk 0:31:54]} 28. c4
{[%clk 0:31:50]} dxc4 {[%clk 0:30:10]} 29. Nxc4 {[%clk 0:30:47]} Qd5
{[%clk 0:29:28]} 30. Nd2 {[%clk 0:30:31]} Qd8 {[%clk 0:27:39]} 31. Qb4
{[%clk 0:30:11]} Rd7 {[%clk 0:26:23]} 32. Nb3 {[%clk 0:29:55]} e5
{[%clk 0:25:55]} 33. Rxc8 {[%clk 0:29:32]} Qxc8 {[%clk 0:26:24]} 34. Rc1
{[%clk 0:29:22]} Rc7 {[%clk 0:22:49]} 35. Rxc7 {[%clk 0:27:42]} Qxc7
{[%clk 0:23:18]} 36. Qc5 {[%clk 0:25:16]} Qxc5 {[%clk 0:21:14]} 37. dxc5
{[%clk 0:22:28]} Ne6 {[%clk 0:20:15]} 38. f4 {[%clk 0:21:32]} e4 {[%clk 0:19:52]}
39. c6 {[%clk 0:20:13]} Kf7 {[%clk 0:16:46]} 40. Nc5 {[%clk 0:17:43]} Nc7
{[%clk 0:14:32]} 41. Bh4 {[%clk 0:12:46]} Bf6 {[%clk 0:14:38]} 42. Be1
{[%clk 0:11:24]} Be7 {[%clk 0:14:39]} 43. Nb3 {[%clk 0:09:55]} Ke6
{[%clk 0:14:30]} 44. Kf2 {[%clk 0:09:13]} Kd5 {[%clk 0:14:39]} 45. Ke2
{[%clk 0:06:26]} Kxc6 {[%clk 0:14:54]} 46. Bc3 {[%clk 0:06:12]} Ne6
{[%clk 0:14:46]} 47. Kd2 {[%clk 0:06:00]} b4 {[%clk 0:15:06]} 48. Nd4+
{[%clk 0:06:10]} Nxd4 {[%clk 0:15:30]} 49. Bxd4 {[%clk 0:06:00]} Bd8
{[%clk 0:15:37]} 50. Bb2 {[%clk 0:04:38]} Kb5 {[%clk 0:15:52]} 51. Kc2
{[%clk 0:04:57]} Kc4 {[%clk 0:16:11]} 52. Bd4 {[%clk 0:04:53]} Bxa5
{[%clk 0:16:33]} 53. g4 {[%clk 0:05:07]} b3+ {[%clk 0:16:57]} 54. Kb2
{[%clk 0:05:03]} Bb4 {[%clk 0:17:24]} 0-1

[Event "2016 Redpath Mining Millionaire Chess Open"]
[Site "Venue: Old Ed’s Sports Complex, Houghton, Johannesburg"]
[Date "2016.07.13"]
[Round "1"]
[Board "8"]
[White "Waters, Anre"]
[Black "De Abreu, Roberto N"]
[Result "0-1"]
[WhiteElo "1537"]
[BlackElo "2057"]
[PlyCount "0"]
[EventDate "2016.07.13"]
[EventRounds "9"]
[EventCountry "RSA"]

1. d4 Nf6 2. c4 c5 3. d5 b5 4. cxb5 a6 5. b6 e6 6. Nc3 exd5 7. Nxd5 Nxd5 8. Qxd5
Nc6 9. Nf3 Rb8 10. Bf4 Rxb6 11. Ng5 Qf6 12. e3 Ne7 13. Qxc5 Rxb2 14. Bc4 Nc6 15.
Qd5 Bb4+ 16. Kf1 O-O 17. Qe4 Qg6 18. Qxg6 hxg6 19. h3 d6 20. Ne4 Rd8 21. Bd5 Ne5
22. Bxe5 dxe5 23. Bb3 Bb7 24. Ng5 Rdd2 25. Rh2 Rxf2+ 26. Kg1 Rxg2+ 27. Rxg2 Rxg2+
28. Kf1 Rxg5 29. Rb1 a5 30. Rd1 Rf5+ 31. Kg1 Bc5 32. Rd8+ Kh7 33. Rd7 Bxe3+ 34.
Kh2 Rf2+ 35. Kg3 Rg2+ 36. Kh4 Bg5# 0-1

[Event "2016 Redpath Mining Millionaire Chess Open"]
[Site "Venue: Old Ed’s Sports Complex, Houghton, Johannesburg"]
[Date "2016.07.13"]
[Round "1"]
[Board "9"]
[White "Agostinho, Diogo"]
[Black "Oberholzer, Imarie"]
[Result "1-0"]
[WhiteElo "2055"]
[BlackElo "1504"]
[PlyCount "0"]
[EventDate "2016.07.13"]
[EventRounds "9"]
[EventCountry "RSA"]

1. e4 {[%clk 1:30:56]} c5 {[%clk 1:30:40]} 2. Nc3 {[%clk 1:31:21]} d6
{[%clk 1:30:44]} 3. g3 {[%clk 1:31:39]} g6 {[%clk 1:30:12]} 4. Bg2
{[%clk 1:32:05]} Bg7 {[%clk 1:30:23]} 5. Nge2 {[%clk 1:32:24]} Nf6
{[%clk 1:30:04]} 6. O-O {[%clk 1:32:47]} O-O {[%clk 1:29:06]} 7. d3
{[%clk 1:32:03]} Nc6 {[%clk 1:28:23]} 8. h3 {[%clk 1:32:10]} Bd7 {[%clk 1:26:54]}
9. f4 {[%clk 1:32:19]} e6 {[%clk 1:24:26]} 10. g4 {[%clk 1:32:06]} Ne7
{[%clk 1:22:03]} 11. Ng3 {[%clk 1:31:12]} Qc8 {[%clk 1:18:06]} 12. Qf3
{[%clk 1:27:16]} d5 {[%clk 1:10:32]} 13. f5 {[%clk 1:25:31]} dxe4
{[%clk 1:08:00]} 14. dxe4 {[%clk 1:25:49]} exf5 {[%clk 1:06:22]} 15. gxf5
{[%clk 1:23:20]} Bc6 {[%clk 0:53:04]} 16. Qe2 {[%clk 1:20:00]} Nd7
{[%clk 0:42:39]} 17. Bg5 {[%clk 1:17:27]} f6 {[%clk 0:40:39]} 18. Bf4
{[%clk 1:17:17]} Ne5 {[%clk 0:37:48]} 19. Bxe5 {[%clk 1:16:09]} fxe5
{[%clk 0:36:01]} 20. Qc4+ {[%clk 1:16:20]} Kh8 {[%clk 0:36:04]} 21. Qxc5
{[%clk 1:16:46]} Qd7 {[%clk 0:33:40]} 22. Rad1 {[%clk 1:16:41]} Qe8
{[%clk 0:32:45]} 23. Rd6 {[%clk 1:14:15]} gxf5 {[%clk 0:29:43]} 24. Re6
{[%clk 1:13:14]} Bf6 {[%clk 0:27:32]} 25. Rxf5 {[%clk 1:13:24]} Qg6
{[%clk 0:26:30]} 26. Rexf6 {[%clk 1:12:04]} Rxf6 {[%clk 0:25:24]} 27. Qxe7
{[%clk 1:11:00]} Rxf5 {[%clk 0:23:58]} 28. Nxf5 {[%clk 1:11:21]} Re8
{[%clk 0:23:07]} 29. Qc5 {[%clk 1:02:55]} b6 {[%clk 0:21:06]} 30. Qd6
{[%clk 1:02:33]} Qxd6 {[%clk 0:20:20]} 31. Nxd6 {[%clk 1:03:02]} Re6
{[%clk 0:19:45]} 32. Nc8 {[%clk 1:01:22]} a5 {[%clk 0:17:17]} 33. Nd5
{[%clk 1:01:04]} b5 {[%clk 0:16:24]} 34. Bf3 {[%clk 0:59:02]} Re8
{[%clk 0:14:56]} 35. Nd6 {[%clk 0:58:44]} Re6 {[%clk 0:14:02]} 36. Nf5
{[%clk 0:57:43]} Rg6+ {[%clk 0:12:02]} 37. Kf2 {[%clk 0:58:01]} Rg5
{[%clk 0:11:14]} 38. Nde7 {[%clk 0:57:55]} Bd7 {[%clk 0:10:03]} 39. h4
{[%clk 0:58:16]} Rxf5 {[%clk 0:09:18]} 40. Nxf5 {[%clk 0:58:09]} Bxf5
{[%clk 0:09:22]} 41. exf5 {[%clk 0:58:37]} Kg7 {[%clk 0:09:43]} 42. Ke3
{[%clk 0:58:51]} Kf6 {[%clk 0:10:03]} 43. Ke4 {[%clk 0:59:16]} h6
{[%clk 0:10:07]} 44. Be2 {[%clk 0:59:35]} b4 {[%clk 0:10:24]} 45. b3
{[%clk 0:59:49]} 1-0

[Event "2016 Redpath Mining Millionaire Chess Open"]
[Site "Venue: Old Ed’s Sports Complex, Houghton, Johannesburg"]
[Date "2016.07.13"]
[Round "1"]
[Board "10"]
[White "Beukman, Eduan"]
[Black "Longano, Michael Nicholas"]
[Result "0-1"]
[WhiteElo "1485"]
[BlackElo "2042"]
[PlyCount "0"]
[EventDate "2016.07.13"]
[EventRounds "9"]
[EventCountry "RSA"]

1. d4 {[%clk 1:30:50]} g6 {[%clk 1:29:20]} 2. Nc3 {[%clk 1:30:54]} Bg7
{[%clk 1:29:33]} 3. e4 {[%clk 1:31:16]} d6 {[%clk 1:29:54]} 4. f4
{[%clk 1:30:53]} a6 {[%clk 1:30:00]} 5. Nf3 {[%clk 1:28:14]} b5 {[%clk 1:27:53]}
6. Bd3 {[%clk 1:26:19]} Nd7 {[%clk 1:27:32]} 7. Be3 {[%clk 1:24:26]} Bb7
{[%clk 1:27:19]} 8. O-O {[%clk 1:23:58]} Ngf6 {[%clk 1:23:49]} 9. e5
{[%clk 1:14:27]} Ng4 {[%clk 1:23:00]} 10. Bd2 {[%clk 1:11:40]} Nh6
{[%clk 1:14:46]} 11. Qe2 {[%clk 1:10:00]} O-O {[%clk 1:05:22]} 12. Rae1
{[%clk 1:04:21]} c5 {[%clk 1:01:09]} 13. Be4 {[%clk 0:42:04]} cxd4
{[%clk 0:42:51]} 14. Bxb7 {[%clk 0:37:04]} dxc3 {[%clk 0:37:48]} 15. Be3
{[%clk 0:32:14]} Rb8 {[%clk 0:37:14]} 16. Bd5 {[%clk 0:19:23]} dxe5
{[%clk 0:24:16]} 17. fxe5 {[%clk 0:18:22]} cxb2 {[%clk 0:18:13]} 18. e6
{[%clk 0:10:47]} Nb6 {[%clk 0:14:38]} 19. Bb3 {[%clk 0:05:03]} Na4
{[%clk 0:09:44]} 20. exf7+ {[%clk 0:03:46]} Kh8 {[%clk 0:09:43]} 21. Bxa4
{[%clk 0:02:23]} bxa4 {[%clk 0:09:56]} 22. Qxa6 {[%clk 0:01:35]} Nf5
{[%clk 0:10:01]} 23. Bf2 {[%clk 0:01:19]} Qd7 {[%clk 0:07:03]} 24. Qe2
{[%clk 0:01:14]} Qd5 {[%clk 0:05:04]} 25. c4 {[%clk 0:00:41]} Qxf7
{[%clk 0:04:20]} 26. Ne5 {[%clk 0:00:50]} Qe6 {[%clk 0:03:35]} 27. Bg3
{[%clk 0:00:43]} Nxg3 {[%clk 0:03:27]} 28. Nf7+ {[%clk 0:00:48]} Qxf7
{[%clk 0:03:47]} 29. Kh1 Qe6+ 30. Kg1 Qe5 31. hxg3 Qe6 0-1

[Event "2016 Redpath Mining Millionaire Chess Open"]
[Site "Venue: Old Ed’s Sports Complex, Houghton, Johannesburg"]
[Date "2016.07.13"]
[Round "1"]
[Board "11"]
[White "Avelino, Fernandes"]
[Black "Dykema, Joshua"]
[Result "1-0"]
[WhiteElo "2013"]
[BlackElo "1472"]
[PlyCount "0"]
[EventDate "2016.07.13"]
[EventRounds "9"]
[EventCountry "RSA"]

1. d4 {[%clk 1:30:15]} Nf6 {[%clk 1:30:40]} 2. Nf3 {[%clk 1:30:02]} g6
{[%clk 1:30:51]} 3. c3 {[%clk 1:29:42]} Bg7 {[%clk 1:31:11]} 4. Nbd2
{[%clk 1:29:45]} d6 {[%clk 1:31:13]} 5. Qb3 {[%clk 1:29:40]} O-O {[%clk 1:31:27]}
6. e4 {[%clk 1:29:55]} Nbd7 {[%clk 1:30:25]} 7. Bd3 {[%clk 1:29:53]} b6
{[%clk 1:29:05]} 8. O-O {[%clk 1:29:37]} Bb7 {[%clk 1:27:44]} 9. Re1
{[%clk 1:29:54]} c5 {[%clk 1:27:37]} 10. Nf1 {[%clk 1:29:54]} Rc8
{[%clk 1:27:09]} 11. Bg5 {[%clk 1:28:36]} Qc7 {[%clk 1:22:28]} 12. N1d2
{[%clk 1:28:56]} h6 {[%clk 1:18:58]} 13. Bh4 {[%clk 1:29:15]} e6 {[%clk 1:11:00]}
14. h3 {[%clk 1:27:51]} Nh7 {[%clk 1:09:00]} 15. Rac1 {[%clk 1:26:56]} e5
{[%clk 1:07:18]} 16. Nc4 {[%clk 1:24:07]} a6 {[%clk 0:57:39]} 17. Be7
{[%clk 1:22:10]} b5 {[%clk 0:54:04]} 18. Nxd6 {[%clk 1:22:10]} c4
{[%clk 0:49:29]} 19. Bxc4 {[%clk 1:22:25]} bxc4 {[%clk 0:48:47]} 20. Qxb7
{[%clk 1:22:06]} Qxb7 {[%clk 0:48:48]} 21. Nxb7 {[%clk 1:22:27]} Rb8
{[%clk 0:46:27]} 22. Bxf8 {[%clk 1:21:34]} Bxf8 {[%clk 0:46:14]} 23. Na5
{[%clk 1:21:43]} Rxb2 {[%clk 0:46:08]} 24. Nxc4 {[%clk 1:21:57]} Rxa2
{[%clk 0:46:01]} 25. Nfxe5 {[%clk 1:22:02]} Nxe5 {[%clk 0:45:59]} 26. Nxe5
{[%clk 1:22:24]} Ba3 {[%clk 0:45:20]} 27. Ra1 {[%clk 1:20:16]} Rxa1
{[%clk 0:44:43]} 28. Rxa1 {[%clk 1:19:14]} 1-0